00745nam a2200253 a 4500001001300000003000900013005001700022008004100039020001000080082001300090100001900103245001800122260003700140300000900177500003500186505001000221650002400231700001900255902000800274942000700282952009300289952009400382999001500476nice12345678IN_TiNIC20260116012033.0050524s1934 lona grp 000 0 eng  ac10000a225bMOF aMoffatt, James aNew Testament aLondonbHodder & Stoughtonc1934 a388p aincludes index and biblioraphy2 aIndex aBible-New Testament1 aMoffatt, James bSRS cBK 00104070aHMIbHMId0000-00-00g100.00l0o225 MOFp5277r0000-00-00w2026-01-16yARB 00104070aHMIbHMId0000-00-00g100.00l0o225 MOFp10474r0000-00-00w2026-01-16yARB c5371d5371